|
|
|
|
| LEADER |
00000cab a2200000 a 4500 |
| 001 |
025508 |
| 003 |
UAHC_CL |
| 005 |
20180807115240.0 |
| 008 |
050613b xx j 000 1 spa |
| 952 |
|
|
|0 0
|1 0
|4 0
|6 ANTIQUITY_279_99_000000000000000
|7 0
|8 General
|9 51671
|a BC
|b BC
|c General
|d 2017-08-03
|l 0
|o ANTIQUITY-279/99
|p FICTICIO488
|r 2019-01-08 00:00:00
|t 1
|w 2017-08-03
|y REVA
|
| 999 |
|
|
|c 25508
|d 25508
|
| 040 |
|
|
|a UAHC_CL
|c UAHC_CL
|d UAHC_CL
|
| 100 |
1 |
|
|a Greene, Kevin
|
| 245 |
1 |
0 |
|a V. Gordon Childe and the vocabulary of revolutionary change /
|c Kevin Greene.
|
| 500 |
|
|
|a Antiquity 73 (1999): 97Ð109
|
| 520 |
|
|
|a Because Childe wrote extensively for non-archaeologists and the public his Neolithic and Urban Revolutions have continued to influence historians in general Ñ and historians of technology in particular Ñ into the 1990s. This paper examines their influence, while noting significant changes in Childe's terminology and use of analogy between 1928 and 1957.
|
| 650 |
|
4 |
|a TECNOLOGIA
|
| 653 |
|
|
|a ANTROPOLOGIA
|
| 773 |
0 |
|
|t Anthropology Today.
|w 025359
|
| 900 |
|
|
|a ANTIQUITY-279/99
|
| 942 |
|
|
|c REVA
|2 ddc
|